Identidades acciones colectivas y movimientos sociales (Registro nro. 105813)

Detalles MARC
000 -LEADER
fixed length control field 00675nam a22001937a 4500
005 - DATE AND TIME OF LATEST TRANSACTION
control field 20151026105331.0
008 - FIXED-LENGTH DATA ELEMENTS--GENERAL INFORMATION
fixed length control field 151026b mx ||||| |||| 00| 0 spa d
020 ## - INTERNATIONAL STANDARD BOOK NUMBER
International Standard Book Number 9686255443
050 04 - LIBRARY OF CONGRESS CALL NUMBER
Classification number HN113 .5
Item number I34 2001
245 00 - TITLE STATEMENT
Title Identidades acciones colectivas y movimientos sociales
Statement of responsibility, etc / Jorge Alonso, coordinador
250 ## - EDITION STATEMENT
Edition statement 1a ed.
260 ## - PUBLICATION, DISTRIBUTION, ETC. (IMPRINT)
Place of publication, distribution, etc Zapopan, Jalisco, México :
Name of publisher, distributor, etc El Colegio de Jalisco,
Date of publication, distribution, etc 2001.
300 ## - PHYSICAL DESCRIPTION
Extent 190 p. ;
Dimensions 21 cm.
490 ## - SERIES STATEMENT
Series statement Cuadernos de Trabajo
650 #7 - SUBJECT ADDED ENTRY--TOPICAL TERM
Source of heading or term LEMB
Topical term or geographic name as entry element Movimientos sociales
Geographic subdivision México
650 #7 - SUBJECT ADDED ENTRY--TOPICAL TERM
Source of heading or term LEMB
Topical term or geographic name as entry element Movimiento sociales
Chronological subdivision Siglo XVIII
Geographic subdivision Bolaños, Jalisco, México
700 1# - ADDED ENTRY--PERSONAL NAME
Personal name Alonso, Jorge,
Relator term coord.
942 ## - ADDED ENTRY ELEMENTS (KOHA)
Source of classification or shelving scheme Biblioteca del Cogreso de los Estados Unidos
Koha item type Libro
Existencias
Estado de pérdida Fuente de clasificación Estado del daño No para préstamo Ubicación permanente Ubicación actual Apartado o colección Fecha de adquisición Edición Dependencia de educación superior (DES) Área del conocimiento Clasificación Código de Barras Date last seen Número de copia Tipo de recurso Nota pública
  Biblioteca del Cogreso de los Estados Unidos     Biblioteca del Instituto de Investigaciones Históricas Biblioteca del Instituto de Investigaciones Históricas General 26/10/2015 1a ed. Humanidades Educación y Humanidades HN113 .5 I34 2001 IIH000014357 26/10/2015 C:1 Libro GENERAL